Developing programmed instructional materials: a handbook for program writers
Guardat en:
| Autors principals: | , |
|---|---|
| Format: | Llibre |
| Idioma: | anglès |
| Publicat: |
s.l
Lear Siegler
1967
|
| Matèries: | |
| Etiquetes: |
Afegir etiqueta
Sense etiquetes, Sigues el primer a etiquetar aquest registre!
|
MARC
| LEADER | 00000nam a2200000 a 4500 | ||
|---|---|---|---|
| 001 | UCT0748 | ||
| 003 | CL-VaPUC | ||
| 008 | 960906e19670000us |||||||||||||||||eng|d | ||
| 082 | 0 | 4 | |a 371.394 |b ESP |2 21 |
| 100 | 0 | |a Espich, James E |e author |9 369205 | |
| 700 | 0 | |a Williams, Bill |e author |9 369206 | |
| 245 | 1 | 0 | |a Developing programmed instructional materials: a handbook for program writers |
| 300 | |a 138 p | ||
| 942 | |c BK | ||
| 945 | |d 19960906 00:00:00 |a nastorga | ||
| 260 | |a s.l |b Lear Siegler |c 1967 | ||
| 650 | 7 | |a ENSEÑANZA PROGRAMADA |2 CL-VaPUC |9 263217 | |
| 650 | 7 | |a MATERIAL PROGRAMADO |2 CL-VaPUC |9 369207 | |
| 650 | 0 | |a Tecnología educacional |9 307265 | |
| 650 | 0 | |a Psicología educacional |9 307830 | |
| 650 | 0 | |a Métodos de enseñanza |9 270413 | |
| 583 | |a last modification |c 20171120 06:15:20 |k Rodrigo Vera | ||
| 999 | |c 251469 |d 251467 | ||
| 952 | |0 0 |1 0 |4 0 |6 371_394000000000000_ESP_1967 |7 0 |8 P |9 270655 |a BIBEDU |b BIBEDU |c BIBEDU_PB |d 2019-11-19 |i 322676K |o 371.394 ESP 1967 |p 322676K |r 2024-01-25 |w 2019-11-19 |y BK |k EDU | ||